LIBRARY & INFORMATION CENTRE, KCAET, TAVANUR

ONLINE PUBLIC ACCESS CATALOGUE (OPAC)

Engineering Chemistry / (Record no. 12986)

MARC details
000 -LEADER
fixed length control field 00279cam a2200121ua 4500
082 ## - DEWEY DECIMAL CLASSIFICATION NUMBER
Classification number 540.246
Item number AHA/EN
100 ## - MAIN ENTRY--AUTHOR NAME
Personal name Ahad, Juhaina .
245 ## - TITLE STATEMENT
Title Engineering Chemistry /
250 ## - EDITION STATEMENT
Edition statement 11
260 ## - PUBLICATION, DISTRIBUTION, ETC. (IMPRINT)
Place of publication Kollam :
Name of publisher Jai Publications ,
Year of publication 2009
300 ## - PHYSICAL DESCRIPTION
Number of Pages 17.11
942 ## - ADDED ENTRY ELEMENTS (KOHA)
Koha item type Books
Holdings
Withdrawn status Lost status Damaged status Home library Current library Date acquired Accession Number Koha item type Collection code Shelving location Source of acquisition Cost, normal purchase price Full call number
      KAUAET KAUAET 07/04/2012 21183 Books          
      KAUAET KAUAET 09/06/2016 24214 Books   General Stacks Penta Books, Calicut 200.00 540.246 AHA/EN
free website counter